000 00457nam a2200181Ia 4500
003 GCL
008 140319s9999 xx 000 0 eng d
040 _aGCL /
_cGCL
082 0 4 _a531.32
_bM V
100 1 _aMAIN, LAIN G.
245 1 0 _aVIBRATIONS AND WAVES IN PHYSICS /
_cMAIN, LAIN G.
260 _a[S.N] :
_bCOMBRIDGE UNIVERSITY PRESS ،
_c1995
300 _a359 P
650 0 4 _aPHYSICS
650 0 4 _aVIBRATION
650 0 4 _aWAVES
942 _2ddc
_cBK
999 _c19808
_d19808